MARC

LEADER 00000nab a2200000 a 4500
001 8160
003 Arxiu
005 20260324195723.0
008 160829s9999 xx 000 0 cat d
100 |a Ribas, Martí  |9 40872 
245 |a Cens i mapa de la comunicació local a Catalunya /   |c realització, Martí Ribas ; fotos, Pere Monés 
260 |a Barcelona :   |b Diputació de Barcelona ;   |c 1982 
300 |a 23 pàgs. ;   |b il. b/n ;   |c 29 cm. 
490 |a Arrel : revista editada per la Diputació de Barcelona ;   |v Núm. 3 (abril-setembre, 1982) ; pàgs. 70-92  |x 0211-562X 
650 |a Mitjans de comunicació de massa locals  |x Catalunya  |x Mapes   |9 40873 
650 |a Ràdio local  |x Censos  |x Catalunya  |9 40874 
700 |a Monés, Pere  |e fotografies  |9 40875 
856 4 |u https://media.diba.cat/diba/fitxers/arxiu/hemeroteca/arrel/8160/bib_8160_1981_1984_n03_a06_baixa.pdf  |y Accés lliure 
856 4 |u https://media.diba.cat/diba/fitxers/arxiu/hemeroteca/arrel/8160/bib_8160_1981_1984_n03_a06_baixa.pdf  |y bib_8160_1981_1984_n03_a06_baixa.pdf 
901 |a Arxiu 
942 |n 1  |2 udc  |c Articles de revista 
952 |0 0  |1 0  |2 udc  |4 0  |6 REV93  |7 1  |9 49939  |a Arxiu  |b Arxiu  |d 2016-12-01  |o Rev-93  |r 2016-12-01 00:00:00  |w 2016-12-01  |y ARXIU 
999 |c 53781  |d 53781 
900 |a bib_8160_1981_1984_n03_a06_baixa.pdf